Portfolio Performance Measurement diplomová práca

Salvato in:
Dettagli Bibliografici
Autore principale: Tulimat, Ezaldin
Ente Autore: Fakulta podnikového manažmentu EU. Katedra podnikových financií
Altri autori: Kmeťko, Miroslav, 1969-
Natura: Libro
Lingua:inglese
Pubblicazione: Bratislava 2018
Tags: Aggiungi Tag
Nessun Tag, puoi essere il primo ad aggiungerne!!

MARC

LEADER 00000nbm a2200000 4500
001 0244797
005 20181001111445.8
041 0 |a eng 
044 |a SK 
245 1 0 |a Portfolio Performance Measurement  |b diplomová práca  |c Ezaldin Tulimat ; školiteľ: Miroslav Kmeťko 
264 1 |a Bratislava  |c 2018 
300 |a 59 s. 
100 1 |a Tulimat, Ezaldin 
700 1 |a Kmeťko, Miroslav, 1969- 
710 2 |a Fakulta podnikového manažmentu EU. Katedra podnikových financií